LEADER 02008nam 2200373 n 450 001 996392253103316 005 20200824121655.0 035 $a(CKB)4940000000109222 035 $a(EEBO)2240902196 035 $a(UnM)99864711e 035 $a(UnM)99864711 035 $a(EXLCZ)994940000000109222 100 $a19931208d1648 uy | 101 0 $aeng 135 $aurbn||||a|bb| 200 14$aThe declaration of Duke Hambleton at the head of his army$b[electronic resource] $eupon his joyning with Maj. Gen. Langdale in the north of England, concerning His most Gracious and Dread Soveraign Charkes [sic] King of Great Brittain. Likewise Major Generall Langdales propositions to the Lord Duke, concerning the Kings Majesty, and the Dukes answer thereunto. And the resolution of the Scots Army, with the manner of their march, their trumpets sounding, drums beating, and collours displaying with this motto, For Religion, King and Kingdom. Also the Duke of Buckinghams representation to the Lord Major of London, and his declaration, concerning the Kings Majesty 210 $a[London] $cPrinted for the generall satisfaction of all true subjects$d1648 215 $a[2], 6 p 300 $aPlace of publication from Wing. 300 $aIn fact only three letters, one signed on p.5: A.H. (i.e. James Hamilton), and two signed on p.6: G. Buckingham (i.e. George Villiers Buckingham). 300 $aAnnotation on Thomason copy: "July 9th". 300 $aReproduction of the original in the British Library. 330 $aeebo-0018 607 $aGreat Britain$xHistory$yCivil War, 1642 1649$vEarly works to 1800 700 $aHamilton$b James Hamilton$cDuke of,$f1606-1649.$01005102 701 $aBuckingham$b George Villiers$cDuke of,$f1628-1687.$0793404 801 0$bCu-RivES 801 1$bCu-RivES 801 2$bCStRLIN 801 2$bWaOLN 906 $aBOOK 912 $a996392253103316 996 $aThe declaration of Duke Hambleton at the head of his army$92354996 997 $aUNISA LEADER 02504nam 2200601 a 450 001 9910954368103321 005 20240417025206.0 010 $a9782759206230 010 $a2759206238 035 $a(CKB)2670000000055669 035 $a(EBL)3399458 035 $a(SSID)ssj0000880862 035 $a(PQKBManifestationID)11475317 035 $a(PQKBTitleCode)TC0000880862 035 $a(PQKBWorkID)10895669 035 $a(PQKB)11003294 035 $a(WaSeSS)Ind00058113 035 $a(Au-PeEL)EBL3399458 035 $a(CaPaEBR)ebr10753159 035 $a(OCoLC)904230082 035 $a(PPN)17023584X 035 $a(FR-PaCSA)45007972 035 $a(MiAaPQ)EBC3399458 035 $a(FRCYB45007972)45007972 035 $a(EXLCZ)992670000000055669 100 $a20130911d2010 uy 0 101 0 $afre 135 $aur|n|---||||| 181 $ctxt 182 $cc 183 $acr 200 10$aCours de gastronomie mole?culaire n°2 $eles pre?cisions culinaires /$fHerve? This 205 $a1st ed. 210 $aParis $cE?ditions Quæ$d2010 215 $a1 online resource (275 p.) 225 0 $aRacines du vivant 300 $aDescription based upon print version of record. 311 08$a9782759206223 311 08$a275920622X 320 $aIncludes bibliographical references. 327 $aIntro -- Sommaire -- Introduction -- Chapitre 1 -- État des lieux -- Chapitre 2 -- Un peu d'ordre, des catégories? -- Chapitre 3 -- Quelle est l'importance des précisions (statistiques) ? -- Chapitre 4 -- Questions de méthodologie, comment organiser les tests expérimentaux -- Chapitre 5 -- La question de la robustesse -- Chapitre 6 -- Sémiologie -- Chapitre 7 -- L'écriture culinaire -- Chapitre 8 -- Précisions et innovations -- Conclusion -- Demain, le statut des précisions ? -- Index. 330 $aLes cochons de lait rôtis ont-ils la peau plus croustillante si on leur coupe la tête quand on les débroche?Faut-il vraiment battre les blancs d'oeufs toujours dans le même sens, pour qu'ils montent mieux?Les phases de la lune ont-elles une influence sur les marinades?Et les courants d'air sur les béarnaises?. 410 0$aRacines du Vivant Series 606 $aGastronomy 615 0$aGastronomy. 700 $aThis$b Herve?$0408445 801 0$bMiAaPQ 801 1$bMiAaPQ 801 2$bMiAaPQ 906 $aBOOK 912 $a9910954368103321 996 $aCours de gastronomie mole?culaire n°2$94335739 997 $aUNINA